[Event "GER T319-B32-S email"]
[Site "GER email"]
[Date "2020.12.18"]
[Round "?"]
[White "Marten, Gero"]
[Black "Hoexter, Heinrich"]
[Result "1-0"]
[WhiteElo "2173"]
[BlackElo "2053"]
[PlyCount "57"]
[EventDate "2020.12.18"]
[EventType "tourn (corr)"]
[EventRounds "8"]
[EventCountry "GER"]
[SourceTitle "Corr 2024"]
[Source "ChessBase"]
[SourceDate "2023.10.19"]
[SourceVersion "1"]
[SourceVersionDate "2023.10.19"]
[SourceQuality "1"]

1. e4 c5 2. Nf3 Nc6 3. d4 cxd4 4. Nxd4 g6 5. c4 Bg7 6. Be3 Nf6 7. Nc3 d6 8. Be2 0-0 9. 0-0 Bd7 10. Nc2 Rc8 11. Rc1 a6 12. Kh1 Ne5 13. b3 b5 14. f4 Nc6 15. Qe1 Rb8 16. Bd3 e6 17. Rd1 Qc7 18. cxb5 axb5 19. Nxb5 Rxb5 20. Bxb5 Nxe4 21. a4 d5 22. Bg1 h5 23. Rc1 Bc3 24. Qe2 Qd6 25. Rcd1 Qe7 26. Bd3 f5 27. Bb5 h4 28. Qd3 Qh7 29. Rf3 1-0

[Event "GER Cup Net V1 U2000"]
[Site "Playchess.com INT"]
[Date "2020.05.19"]
[Round "6"]
[White "Marten, Gero"]
[Black "Heutling, Elina"]
[Result "0-1"]
[WhiteElo "1683"]
[BlackElo "1631"]
[PlyCount "64"]
[EventDate "2020.05.19"]
[EventType "swiss (blitz)"]
[EventRounds "9"]
[EventCountry "GER"]
[SourceTitle "EXT 2021"]
[Source "ChessBase"]
[SourceDate "2020.10.23"]
[SourceVersion "1"]
[SourceVersionDate "2020.10.23"]
[SourceQuality "1"]

1. e4 e5 2. Nf3 Nc6 3. Bb5 a6 4. Ba4 Nf6 5. 0-0 Be7 6. Re1 b5 7. Bb3 0-0 8. a4 Bb7 9. d3 d6 10. a5 Nd4 11. Ba2 Nxf3+ 12. Qxf3 c5 13. Nd2 Bc8 14. h3 Be6 15. Nf1 Qxa5 16. Bxe6 Qxe1 17. Bb3 a5 18. c3 a4 19. Bc2 a3 20. Rb1 a2 21. Ra1 b4 22. c4 b3 23. Bxb3 Qb4 24. Qd1 Rfb8 25. Rxa2 Rxa2 26. Bxa2 Nd7 27. Ne3 Nb6 28. Kh2 Bg5 29. Nf5 Bxc1 30. Qxc1 Na4 31. Nxd6 Qxb2 32. Qxb2 Rxb2 0-1

[Event "GER Cup Net V1 U2000"]
[Site "Playchess.com INT"]
[Date "2020.05.19"]
[Round "5"]
[White "Marten, Gero"]
[Black "Ochmann, Reimund"]
[Result "0-1"]
[WhiteElo "1683"]
[BlackElo "1889"]
[PlyCount "74"]
[EventDate "2020.05.19"]
[EventType "swiss (blitz)"]
[EventRounds "9"]
[EventCountry "GER"]
[SourceTitle "EXT 2021"]
[Source "ChessBase"]
[SourceDate "2020.10.23"]
[SourceVersion "1"]
[SourceVersionDate "2020.10.23"]
[SourceQuality "1"]

1. Nf3 Nf6 2. g3 d5 3. Bg2 c5 4. 0-0 Nc6 5. d3 e5 6. Nbd2 Bd6 7. e4 d4 8. a4 0-0 9. Nc4 Bc7 10. h3 Be6 11. b3 Qd7 12. Ba3 b6 13. Ng5 h6 14. Nxe6 Qxe6 15. f4 exf4 16. gxf4 Rac8 17. Qf3 Ne7 18. Rae1 Nh7 19. f5 Qf6 20. Bc1 Nc6 21. Kh1 Ne5 22. Nxe5 Bxe5 23. Bf4 a6 24. Qg3 Rfe8 25. Bxe5 Rxe5 26. Rf4 b5 27. axb5 axb5 28. Ra1 Ree8 29. Ra5 c4 30. Rxb5 cxb3 31. cxb3 Rc1+ 32. Kh2 Qa6 33. Rd5 Qa1 34. Qf2 Nf6 35. Rxd4 Qb1 36. Rf3 Rc2 37. Rc4 Rxf2 0-1